Strange and true nevvs from Staffordshire, or, A true narrative concerning a young man lying under almighty Gods just vengeance, for imprecating God's judgment upon himself, and pleading his innocency though he knew himself guilty : Written by W. Vincent Minister of God's word at Bednall, in the county of Stafford aforesaid; who saw and discoursed the said person upon the 26. day of April, 1677. The saddest spectacle that ever eyes beheld. Licensed, May 11. 1677. Roger L'Estrange.

Bibliographic Details
Main Author: Vincent, William, 1631 or 2-1678
Format: eBook
Language:English
Published: London : printed for E.R., in the year, 1677.
Series:Early English books online.
Subjects:
Online Access:Connect to the full text of this electronic book

MARC

Tag First Indicator Second Indicator Subfields
LEADER 00000nam a2200000 4500
001 in00004322621
005 20200812081043.0
006 m g d
007 cr bn |||a|bb|
008 951023s1677 enk o 00| | eng d
035 |a (UnM)99831696 
037 |a CL0037000082  |b ProQuest Information and Learning. 300 N. Zeeb Rd., Ann Arbor, MI 48106 
040 |a Cu-RivES  |c Cu-RivES  |d Uk-ES  |d CStRLIN  |e dcrb  |d WaOLN 
100 1 |a Vincent, William,  |d 1631 or 2-1678. 
245 0 0 |a Strange and true nevvs from Staffordshire, or, A true narrative concerning a young man lying under almighty Gods just vengeance, for imprecating God's judgment upon himself, and pleading his innocency though he knew himself guilty :  |b Written by W. Vincent Minister of God's word at Bednall, in the county of Stafford aforesaid; who saw and discoursed the said person upon the 26. day of April, 1677. The saddest spectacle that ever eyes beheld. Licensed, May 11. 1677. Roger L'Estrange. 
246 2 |a Strange and true news from Staffordshire 
260 |a London :  |b printed for E.R.,  |c in the year, 1677. 
300 |a 1 online resource (8 pages) 
336 |a text  |b txt  |2 rdacontent 
337 |a computer  |b c  |2 rdamedia 
338 |a online resource  |b cr  |2 rdacarrier 
500 |a Reproduction of the original in the British Library. 
510 4 |a Wing (2nd edition)  |c V452B 
533 |a Electronic reproduction.  |b Ann Arbor, Mich. :  |c UMI,  |d 1999-  |f (Early English books online)  |n Digital version of: (Early English books, 1641-1700 ; 2084:22)  |7 s1999 miun s 
650 0 |a Judgment of God  |v Early works to 1800. 
650 0 |a God  |x Wrath  |v Early works to 1800. 
830 0 |a Early English books online. 
856 4 0 |u http://proxy.library.tamu.edu/login?url=https://search.proquest.com/docview/2240926532  |z Connect to the full text of this electronic book  |t 0 
999 f f |s 3d2552ec-0454-33df-8051-1367fb224e88  |i 1ec12c79-0c7e-350d-8cb8-b10d9f75e16e  |t 0 
952 f f |a Texas A&M University  |b College Station  |c Electronic Resources  |d Available Online  |t 0  |h No information provided 
998 f f |t 0  |l Available Online